书目信息 |
| 题名: |
Java Web整合开发与项目实战
|
|
| 作者: | 徐明华 编著 | |
| 分册: | ||
| 出版信息: | 北京 人民邮电出版社 2009.02 |
|
| 页数: | 410页 | |
| 开本: | 26cm | |
| 丛书名: | ||
| 单 册: | ||
| 中图分类: | TP312JA , TP311.56 | |
| 科图分类: | ||
| 主题词: | JAVA语言--程序设计 , 软件工具--程序设计 | |
| 电子资源: | ||
| ISBN: | 978-7-115-19045-1 | |
| 000 | 01180nam0 2200253 450 | |
| 005 | 20100628092527.17 | |
| 010 | @a978-7-115-19045-1@dCNY55.00 (含光盘) | |
| 010 | @a978-7-89479-429-1@b光盘 | |
| 100 | @a20100515d2009 em y0chiy0110 ea | |
| 101 | 0 | @achi |
| 102 | @aCN@b110000 | |
| 105 | @aa z 000yy | |
| 200 | 1 | @aJava Web整合开发与项目实战@AJava Web zheng he kai fa yu xiang mu shi zhan@d= JSP Ajax struts hibernate spring@eJSP、Ajax、Struts、Hibernate、Spring@f徐明华编著@zeng |
| 210 | @a北京@c人民邮电出版社@d2009.02 | |
| 215 | @a410页@c图@d26cm@e光盘1片 | |
| 330 | @a本书共分3部分,详细介绍了HTML、CSS、JavaScript、Servlet、Ajax、JSP等与Java Web前端开发相关的技术,并从应用的角度出发向读者展示了Web开发中各种技术的整合,将开发的需求和学习规律有机地组织在一起。为了使读者的开发技术逐步提升到Java EE水平,本书还重点介绍了利用主流框架,如Struts、Spring和Hibernate相结合的轻量级应用开发知识及案例实现。 | |
| 510 | 1 | @aJSP Ajax struts hibernate spring@zeng |
| 606 | 0 | @aJAVA语言@x程序设计 |
| 606 | 0 | @a软件工具@x程序设计 |
| 690 | @aTP312JA@v4 | |
| 690 | @aTP311.56@v4 | |
| 701 | 0 | @a徐明华@Axu ming hua@4编著 |
| 801 | 0 | @aCN@c20100515 |
| 905 | @dTP312JA@eX760-2@f3 | |
| Java Web整合开发与项目实战= JSP Ajax struts hibernate spring:JSP、Ajax、Struts、Hibernate、Spring/徐明华编著.-北京:人民邮电出版社,2009.02 |
| 410页:图;26cm+光盘1片 |
| ISBN 978-7-115-19045-1:CNY55.00 (含光盘) |
| 本书共分3部分,详细介绍了HTML、CSS、JavaScript、Servlet、Ajax、JSP等与Java Web前端开发相关的技术,并从应用的角度出发向读者展示了Web开发中各种技术的整合,将开发的需求和学习规律有机地组织在一起。为了使读者的开发技术逐步提升到Java EE水平,本书还重点介绍了利用主流框架,如Struts、Spring和Hibernate相结合的轻量级应用开发知识及案例实现。 |
| ● |
| 相关链接 |
|
|
|
正题名:Java Web整合开发与项目实战
索取号:TP312JA/X760-2
 
预约/预借
| 序号 | 登录号 | 条形码 | 馆藏地/架位号 | 状态 | 备注 |
| 1 | 985157 | 209851579 | 自科库301/301自科库 85排1列4层/ [索取号:TP312JA/X760-2] | 在馆 | |
| 2 | 985158 | 209851588 | 自科二线404/301自科库 79排2列5层/ [索取号:TP312JA/X760-2] | 在馆 | |
| 3 | 985159 | 209851597 | 自科库301/301自科库 85排1列4层/ [索取号:TP312JA/X760-2] | 在馆 |